The first crusade

Whether the Crusades are regarded as the most romantic of Christian expeditions, or the last of the barbarian invasions, they remain one of the most exciting and colourful adventure stories in history. An army of mounted warriors, travelling with peasants, merchants and artisans, faced a journey ove...

Descripción completa

Guardado en:
Detalles Bibliográficos
Autor principal: Runciman, Steven
Formato: Libro
Lenguaje:Undetermined
Publicado: Cambridge UK Cambridge University Press 1992
Materias:
Etiquetas: Agregar Etiqueta
Sin Etiquetas, Sea el primero en etiquetar este registro!
Thư viện lưu trữ: Trung tâm Học liệu Trường Đại học Cần Thơ
LEADER 01663nam a2200217Ia 4500
001 CTU_166827
008 210402s9999 xx 000 0 und d
020 |c 4.89 
082 |a 940.18 
082 |b R939 
100 |a Runciman, Steven 
245 4 |a The first crusade 
245 0 |c Steven Runciman 
260 |a Cambridge UK 
260 |b Cambridge University Press 
260 |c 1992 
520 |a Whether the Crusades are regarded as the most romantic of Christian expeditions, or the last of the barbarian invasions, they remain one of the most exciting and colourful adventure stories in history. An army of mounted warriors, travelling with peasants, merchants and artisans, faced a journey over hostile terrain, meeting with unforeseen antagonism, desert heat, and the constant struggle to feed and water their troops and horses. Remittance from penance, a desire to see the Holy Places, or greed for the power and booty to be captured in the East spurred the crusaders on towards the prize, be it spiritual or temporal, of the Holy City of Jerusalem. Their journey's spectacular culmination was the long siege of Jerusalem, at the end of which the Crusaders, by a brilliant tactical manoeuvre, broke down its defences and poured into the city which erupted in a bloody massacre. Steven Runciman's History of the Crusades is justly acclaimed as the most complete and fascinating account of the historic journey to save the Holy Lands from the infidel. 
650 |a Crusades,Sử học 
650 |y First, 1096-1099,Thời kỳ đầu, 1096-1099 
904 |i Be Hai, Trọng Hiếu 
980 |a Trung tâm Học liệu Trường Đại học Cần Thơ